Tracklist Album "C'est pas des LOL" de JUL - Statistiques

Statistiques générales
  • Ce quiz a été pris 52 fois
  • Le résultat moyen est 12 sur 40
Statistiques - réponses
Featuring Titre du son % Correct
Jimmy Sax Ibiza
93%
C'est pas des LOL
85%
Crocodile
63%
La doudoune
44%
6.35
39%
Gips, TK, Moubarak Cartel de platine
39%
Fréquenter
39%
Pow pow
39%
Santchelita
37%
DISQUE 1 a
34%
DISQUE 2 a
34%
Au péage
32%
Mexico
29%
Beuh magique
27%
Cremosso
27%
Flu
27%
Vladimir Cauchemar Je mets le way
27%
Le combat
27%
Nia
27%
Touloutoutou
27%
Un casse
27%
Gips, Houari, Le k, Gambi, TK, Moubarak, Miklo, A-Deal, Kamikaz Bouge-moi de la
24%
Cassage de nuques, pt. 3
24%
TK Kish kush kash
24%
Mon bébé d'amour
24%
Gips, Moubarak,TK Y'a la police
24%
Ça a tiré
22%
Ça mange la barre
22%
Collé au mic
22%
J'm'en bats les couilles
22%
T'es un gonflé
22%
Dans le club
20%
Faut que je me tire de la
20%
Ça tombe pas du ciel
17%
Emmenez-moi
17%
Jimmy Sax Ibiza-Edit
17%
Oh maman
17%
Tant pis pour toi
17%
Solo de Moubarak Tout seul
15%
J'ai passé l'äge
12%
Aucun quiz correspondant
Distribution des résultats
% des personnes avec chaque résultat
Percentile par nombre de réponses
Votre historique - résultats
Vous n’avez pas pris ce quiz